00529nam a2200169Ia 4500003000400000008004100004040001600045082002000061100002500081245011200106260004200218300001000260650002000270650001800290650001500308650003600323GCL140319s9999 xx 000 0 eng d aGCL / cGCL04aCCb291.23bM M1 aEL MAHDY, CHRISTINE.10aMUMMIES MYTH AND MAGIC IN ANCIENT EGYPT: WITH 155 ILLUSTRATIONS 22 IN FULL COLOUR. / cEL MAHDY, CHRISTINE. a[S.N] : bTHAMES AND HUDSON ، c1995 a192 P04aMUMMIES - MAGIC04aANCIENT EGYPT04aEGYPTOLOGY04aTAXIDERMY - VALLEY OF THE KINGS